| 000 | 00819nam a2200301 a 4500 | ||
|---|---|---|---|
| 003 | AR-BaBNM | ||
| 005 | 20251128204047.0 | ||
| 008 | 082120s2002 ||||||||||||||000 | spa|| | ||
| 020 | _a950-03-0173-3 | ||
| 040 | _cAR-BaBNM | ||
| 100 | 1 | _aGarcía Lorca, Federico | |
| 245 | 0 | 0 |
_aAntología poética _b1918-1936 |
| 250 | _a15ª ed. | ||
| 260 |
_aBuenos Aires _bLosada _c1992 |
||
| 300 | _a254 p. | ||
| 490 | 0 |
_aBiblioteca clásica y contemporánea _vv. 269 |
|
| 500 | _aContiene índice general en p. 247-254 | ||
| 650 | 4 | _aLITERATURA ESPAÑOLA | |
| 650 | 4 | _aPOESIA | |
| 650 | 4 | _aANTOLOGIAS | |
| 650 | 4 | _aTEATRO NACIONAL | |
| 653 | _aGENERACION DE 1927 | ||
| 655 | _aLITERATURA | ||
| 700 | 1 |
_aTorre, Guillermo de _ecompilador |
|
| 700 | 1 |
_aAlberti, Rafael _ecompilador |
|
| 942 | _cBK | ||
| 998 | _cisola | ||
| 999 |
_c6003 _d6003 |
||